Statistics for Biggest Cities in Indonesia Quiz

Click here to take the quiz!

General Stats

  • This quiz has been taken 60 times
  • The average score is 11 of 20

Answer Stats

PopulationCity% Correct
8,540,121Jakarta
98%
2,374,658Surabaya
93%
1,699,719Bandung
88%
1,750,971Medan
86%
1,441,500Palembang
67%
834,881Denpasar
65%
1,321,717Makassar
63%
1,288,084Semarang
63%
1,520,119Bekasi
56%
636,660Yogyakarta
53%
1,372,124Tangerang
51%
1,198,129Depok
47%
840,352Padang
47%
800,348Bandar Lampung
44%
800,000Bogor
44%
746,716Malang
44%
1,303,569South Tangerang
40%
703,956Pekanbaru
37%
700,000City of Balikpapan
33%
600,000Situbondo
5%

Score Distribution

Percentile by Number Answered

Percent of People with Each Score

Your Score History

You have not taken this quiz